Sports Quiz

Random Sports or Football Quiz
Score 0/48 Timer 04:00
19 Plays Today
% Correct
Broncos
96.9%
Bills
95.6%
Bengals
88.3%
Seattle Seahawks
87.2%
San Francisco 49ers
85.4%
L.A. Rams
82.1%
Minnesota Vikings
80.6%
Baltimore Colts
77.8%
Brett Favre
77.7%
Bears
75.1%
Isaac Bruce
73.9%
Arizona Cardinals
73.4%
Randy Moss
73.4%
Seattle
72.8%
Robert Griffin III (138)
72.4%
Tom Landry
72.4%
Lamar Jackson (152)
71.8%
Oakland Raiders
71.4%
John Elway
70.2%
Tampa Bay
68.8%
Julius Peppers
68.8%
Michael Vick (173)
68.4%
Terrell Davis
68.3%
Kevin Greene
67.9%
% Correct
Bill Belichick
67.8%
Barry Sanders
67.3%
Reggie White
66.6%
Dan Marino
66.3%
Tennessee
65.5%
Marshall Faulk
65.1%
Kansas City Chiefs
63.7%
Jason Hanson
63.4%
Shaun Alexander
63.1%
Gary Anderson
62.9%
LaDainian Tomlinson
61.1%
Washington
59.4%
Terrell Owens
58.7%
Eric Dickerson
57.1%
Morten Andersen
53%
Adrian Peterson
50.2%
Bruce Smith
49.2%
George Halas
49.1%
Don Shula
46.3%
O.J. Simpson
44.7%
Larry Fitzgerald
43.9%
Adam Vinatieri
39.7%
Fran Tarkenton
28%
Colin Kaepernick (181)
23.5%
Remove Ads.
Support Sporcle.
Get the best of Sporcle when you Go Orange. This ad-free experience offers more features, more stats, and more fun while also helping to support Sporcle. Thank you for becoming a member.

You're not logged in!

Compare scores with friends on all Sporcle quizzes.
OR
Log In

Show Comments

Extras

Top Quizzes Today


Score Distribution

Your Account Isn't Verified!

In order to create a playlist on Sporcle, you need to verify the email address you used during registration. Go to your Sporcle Settings to finish the process.

Report this User

Report this user for behavior that violates our Community Guidelines.

Details: